000 00515nam a2200133Ia 4500
008 150609s9999 xx 000 0 und d
050 _aHF 5415.335
_b.P322 2015
100 _aPattugalan, Efren Francis M.
245 _aCustomer satisfaction towards service offered by gasoline service stations/
_cEfren Francis M. Pattugalan.
260 _aLas Piñas, Philippines :
_bSISC,
_c2015.
300 _a57 pages :
_billustrations ;
_c28 cm.
500 _aIncludes bibliography reference.
650 _aConsumer satisfaction.
999 _c285059
_d285059